| 000 | 00705nas a2200241 4500 | ||
|---|---|---|---|
| 001 | BR8805248 | ||
| 003 | BR-BrBNA | ||
| 005 | 20231205091301.0 | ||
| 007 | ta | ||
| 008 | 230509b bl.|||p| |||| 00| 00por d | ||
| 040 |
_aBR-BrBNA _bpor _cBiblioteca Nacional de Agricultura |
||
| 041 | _a(Pt) | ||
| 072 | _aE11; E12 | ||
| 110 | 1 |
_aInstituto Brasileiro de Economia, Rio de Janeiro, RJ (Brasil) _95760 |
|
| 245 | 1 | _aPrecos das terras no meio rural | |
| 650 | _aPRECO | ||
| 650 | _aTERRA | ||
| 650 | _aVENDA | ||
| 650 | _aARRENDAMENTO | ||
| 773 | 0 |
_tAgroanalysis (Brazil) _xISSN 0100-4298 _g(May 1988), v. 12(5) p. 20-22 _wBR8805248 |
|
| 909 |
_a202311 _bLúcia _c55 _dLúcia Elande |
||
| 942 |
_2AGRIS _n0 _cANA |
||
| 999 |
_c124119 _d124119 |
||